| 000 | 00599nam a2200205 u 4500 | ||
|---|---|---|---|
| 005 | 20240912063835.0 | ||
| 008 | 101018s2007 ag r 000 0 spa d | ||
| 020 | _a9789876020459 | ||
| 035 | _aUPN01000178219 | ||
| 049 | _aI | ||
| 050 | 4 |
_aPZ75 _bD8.3 |
|
| 100 | 1 |
_aDurini, Angeles, _d1957- _931863 |
|
| 245 | 1 | 0 |
_aFrasco gitano / _cDurini, Angeles, Gustavo Aimar. |
| 260 |
_aCórdoba [Arg.] : _bComunicarte, _c2007. |
||
| 300 |
_a26 p. : _bil. col. |
||
| 440 | 0 | _aBicho bolita | |
| 650 | 4 |
_aCuentos infantiles argentinos _97466 |
|
| 700 | 1 |
_aAimar, Gustavo, _ecoaut. _931864 |
|
| 905 | _aInfantil | ||
| 999 |
_c150322 _d150322 |
||